| 000 | 01020cam a2200289 a 4500 | ||
|---|---|---|---|
| 001 | 000008668 | ||
| 005 | 20260521134322.0 | ||
| 008 | 901015s1989 cu 000 0 spa | ||
| 035 | _a(DLC) 90204176 | ||
| 040 |
_aDO-SdBNP _bspa _cLC _dBNPHU |
||
| 082 |
_aCU868.6 _bC961s |
||
| 100 | 1 |
_aCuadra, Manolo, _d1907-1957 _923106 |
|
| 245 | 1 | 0 |
_aSolo en la compañía / _cManolo Cuadra ; selección y prólogo Lisandro Chávez Alfaro ; edición Reinaldo Castillo. |
| 260 |
_aLa Habana : _bCasa de las Américas, _c1989. |
||
| 300 |
_axxi, 223 p. ; _c19 cm. |
||
| 490 | 1 |
_aLiteratura Latinoamericana _v126 |
|
| 650 | 4 |
_aNovela nicaragüense _922434 |
|
| 650 | 4 |
_aLiteratura nicaragüense _98122 |
|
| 650 | 0 |
_aEnsayos _98059 |
|
| 650 | 0 |
_aCrítica _923107 |
|
| 650 | 4 |
_aAutobiografías _xNovelas _923108 |
|
| 700 | 1 |
_aChavez Alfaro, Lizandro, _d1929- _epról. _922451 |
|
| 700 | 1 |
_aCastillo, Reinaldo, _eed. _93176 |
|
| 830 | 0 |
_aLiteratura Latinoamericana ; _v126 _9500 |
|
| 910 | _aCatalogación por copia / LC | ||
| 049 | _aBNGR | ||
| 999 |
_c8438 _d8438 |
||